Viễn thám
MT070 Cơ sở viễn thám; MT039 Viễn thám ứng dụng
Salvato in:
| Autore principale: | |
|---|---|
| Natura: | Libro |
| Lingua: | Undetermined |
| Pubblicazione: |
TP.HCM
Đại học Quốc gia TP.HCM
2005
|
| Soggetti: | |
| Accesso online: | http://lrc.tdmu.edu.vn/opac/search/detail.asp?aID=2&ID=3604 |
| Tags: |
Aggiungi Tag
Nessun Tag, puoi essere il primo ad aggiungerne! !
|
| Thư viện lưu trữ: | Trung tâm Học liệu Trường Đại học Thủ Dầu Một |
|---|
| LEADER | 00647nam a2200205Ia 4500 | ||
|---|---|---|---|
| 001 | TDMU_3604 | ||
| 008 | 210410s9999 xx 000 0 und d | ||
| 082 | |a 621.382 | ||
| 090 | |b L46 | ||
| 100 | |a Lê, Văn Trung | ||
| 245 | 0 | |a Viễn thám | |
| 245 | 0 | |c Lê Văn Trung | |
| 260 | |a TP.HCM | ||
| 260 | |b Đại học Quốc gia TP.HCM | ||
| 260 | |c 2005 | ||
| 300 | |a 405tr. | ||
| 520 | |a MT070 Cơ sở viễn thám; MT039 Viễn thám ứng dụng | ||
| 650 | |a Viễn thám | ||
| 856 | |u http://lrc.tdmu.edu.vn/opac/search/detail.asp?aID=2&ID=3604 | ||
| 980 | |a Trung tâm Học liệu Trường Đại học Thủ Dầu Một | ||